Music Quiz

Random Music Quiz

One Direction Quiz Stats

 Plays Quiz not verified by Sporcle

Also try: Wonderful World
Challenge
Share
Tweet
Score 0/6 Timer 02:00
0 Plays Today
% Correct
Louis
98.9%
Harry
98.9%
Liam
98.9%
Niall
98.7%
Zayn
98.5%
One Direction
96.1%

You're not logged in!

Compare scores with friends on all Sporcle quizzes.
Join for Free
OR
Log In

You Might Also Like...

Show Comments

Extras

Top Quizzes Today


Score Distribution

Your Account Isn't Verified!

In order to create a playlist on Sporcle, you need to verify the email address you used during registration. Go to your Sporcle Settings to finish the process.

Report this User

Report this user for behavior that violates our Community Guidelines.

Details: